Viajes de un cronista
Gespeichert in:
| 1. Verfasser: | |
|---|---|
| Format: | Buch |
| Sprache: | Spanisch |
| Veröffentlicht: |
Madrid
Manuel F. Lasanta
1892
|
| Schlagworte: | |
| Tags: |
Tag hinzufügen
Keine Tags, Fügen Sie den ersten Tag hinzu!
|
MARC
| LEADER | 00000nam a2200000 a 4500 | ||
|---|---|---|---|
| 001 | UCZ5966 | ||
| 003 | CL-VaPUC | ||
| 008 | 951130e18920000SP |||||||||||||||||spa|d | ||
| 082 | 0 | 4 | |a 866 |b ORT |2 21 |
| 100 | |a Ortega Munilla, José |e autor |9 350178 | ||
| 245 | 1 | 0 | |a Viajes de un cronista |
| 300 | |a 303 p | ||
| 942 | |c BK | ||
| 945 | |d 19951130 00:00:00 |a rleighto | ||
| 260 | |a Madrid |b Manuel F. Lasanta |c 1892 | ||
| 650 | 7 | |a CORRESPONDENCIAS ESPAÑOLAS |2 CL-VaPUC |9 350179 | |
| 583 | |a last modification |c 19951130 00:00:00 |k Rodrigo Vera | ||
| 999 | |c 242236 |d 242234 | ||
| 952 | |0 0 |1 0 |4 0 |6 866_000000000000000_ORT_1892 |7 0 |8 A |9 255050 |a BIBEDU |b BIBEDU |d 2019-11-19 |i 3155099 |o 866 ORT 1892 |p 3155099 |r 2019-11-19 |w 2019-11-19 |y BK |k LIT | ||